[Event "EU-ch Schools U15"]
[Site "Tornelo INT"]
[Date "2021.12.10"]
[Round "2"]
[White "Nurahmadov, Tabriz"]
[Black "Seyid, Huseyn"]
[Result "0-1"]
[WhiteElo "1593"]
[BlackElo "2017"]
[PlyCount "124"]
[EventDate "2021.12.03"]
[EventType "swiss (rapid)"]
[EventRounds "7"]
[EventCountry "NET"]
[SourceTitle "EXT 2023"]
[Source "ChessBase"]
[SourceDate "2022.10.05"]
[SourceVersion "1"]
[SourceVersionDate "2022.10.05"]
[SourceQuality "1"]

1. Nf3 Nf6 2. b3 d5 3. Bb2 Bf5 4. d3 e6 5. Nbd2 h6 6. g3 Be7 7. Bg2 0-0 8. 0-0 a5 9. Re1 Bh7 10. e4 a4 11. Bxf6 Bxf6 12. e5 Be7 13. Qe2 c5 14. c3 Nc6 15. Reb1 c4 16. bxc4 dxc4 17. Rxb7 cxd3 18. Qe3 Na5 19. Rb5 Rc8 20. Qa7 Nc4 21. Qxa4 Nxd2 22. Nxd2 Rxc3 23. Be4 Bxe4 24. Qxe4 Qc8 25. Rb3 Rc1+ 26. Rxc1 Qxc1+ 27. Kg2 Qxd2 28. Rxd3 Qxa2 29. Rd7 Bc5 30. Rc7 Qxf2+ 31. Kh3 Bb6 32. Rb7 Qf1+ 33. Kh4 Ba5 34. Ra7 Bd2 35. Ra2 Bg5+ 36. Kg4 f5+ 37. exf6 Qxf6 38. h4 Qf5+ 39. Qxf5 exf5+ 40. Kh3 Be3 41. Re2 f4 42. gxf4 Bxf4 43. Kg4 Bb8 44. h5 Rf4+ 45. Kh3 Kf7 46. Rb2 Be5 47. Rb6 Rf5 48. Kg4 Rg5+ 49. Kh4 Bf6 50. Rb7+ Be7 51. Kh3 Rxh5+ 52. Kg2 Rg5+ 53. Kf3 h5 54. Rb1 Kg6 55. Rh1 Rf5+ 56. Kg2 h4 57. Rh3 Rg5+ 58. Kh2 Rg3 59. Rxg3+ hxg3+ 60. Kg2 Bd6 61. Kh3 Kf5 62. Kh4 g2 0-1

[Event "EU-ch Schools U15"]
[Site "Tornelo INT"]
[Date "2021.12.05"]
[Round "6"]
[White "Nurahmadov, Tabriz"]
[Black "Koska, Jiri"]
[Result "1-0"]
[WhiteElo "1593"]
[BlackElo "1673"]
[PlyCount "67"]
[EventDate "2021.12.03"]
[EventType "swiss (rapid)"]
[EventRounds "7"]
[EventCountry "NET"]
[SourceTitle "EXT 2023"]
[Source "ChessBase"]
[SourceDate "2022.10.05"]
[SourceVersion "1"]
[SourceVersionDate "2022.10.05"]
[SourceQuality "1"]

1. Nf3 Nf6 2. b3 g6 3. Bb2 Bg7 4. e3 0-0 5. d4 d6 6. Be2 Nbd7 7. 0-0 c5 8. Na3 a6 9. c4 Ne8 10. Qd2 Nc7 11. d5 Rb8 12. Bxg7 Kxg7 13. Nb1 b5 14. Nc3 bxc4 15. bxc4 Nf6 16. Rab1 Bf5 17. Bd3 Bxd3 18. Qxd3 Na8 19. Rxb8 Qxb8 20. Rb1 Qc7 21. h3 Rb8 22. Nd2 Rxb1+ 23. Qxb1 Qb6 24. Qc2 Qb4 25. Ncb1 Nb6 26. a3 Qa4 27. Qc1 Nfd7 28. Nc3 Qa5 29. Nb3 Nxc4 30. Nxa5 Nxa5 31. Qb2 Ne5 32. Qb6 Nec4 33. Qxa6 Nb3 34. Qxc4 1-0

[Event "EU-ch Hybrid U16"]
[Site "Tornelo INT"]
[Date "2021.10.15"]
[Round "9"]
[White "Asgarov, Mahammad"]
[Black "Nurahmadov, Tabriz"]
[Result "0-1"]
[WhiteElo "1078"]
[BlackElo "1542"]
[PlyCount "80"]
[EventDate "2021.10.15"]
[EventType "swiss"]
[EventRounds "9"]
[EventCountry "NET"]
[SourceTitle "EXT 2023"]
[Source "ChessBase"]
[SourceDate "2022.10.05"]
[SourceVersion "1"]
[SourceVersionDate "2022.10.05"]
[SourceQuality "1"]
[WhiteTeam "Azerbaijan"]
[BlackTeam "Azerbaijan"]
[WhiteTeamCountry "AZE"]
[BlackTeamCountry "AZE"]

1. Nf3 Nf6 2. d4 e6 3. c4 d5 4. e3 Bd6 5. Be2 dxc4 6. Bxc4 0-0 7. 0-0 b6 8. Nc3 Bb7 9. Re1 c5 10. h3 Nc6 11. d5 Na5 12. dxe6 Bxf3 13. exf7+ Kh8 14. Qxf3 Nxc4 15. Qe2 Ne5 16. e4 Ng6 17. Be3 Rxf7 18. Rad1 Rd7 19. g3 Be5 20. Bg5 Bxc3 21. bxc3 Rxd1 22. Rxd1 Qe7 23. f3 Qe5 24. Bf4 Nxf4 25. gxf4 Qxf4 26. e5 Qg3+ 27. Kh1 Qxh3+ 28. Kg1 Qg3+ 29. Kh1 Qh4+ 30. Kg1 Qg5+ 31. Kh2 Re8 32. e6 Nh5 33. e7 Qg3+ 34. Kh1 Qg6 35. Kh2 h6 36. Rd8 Kh7 37. Rxe8 Qxe8 38. Qe4+ Kh8 39. a4 Nf6 40. Qe6 Ng8 0-1

[Event "EU-ch Hybrid U16"]
[Site "Tornelo INT"]
[Date "2021.10.15"]
[Round "2"]
[White "Johannessen, Heine N"]
[Black "Nurahmadov, Tabriz"]
[Result "1/2-1/2"]
[WhiteElo "1930"]
[BlackElo "1542"]
[PlyCount "175"]
[EventDate "2021.10.15"]
[EventType "swiss"]
[EventRounds "9"]
[EventCountry "NET"]
[SourceTitle "EXT 2023"]
[Source "ChessBase"]
[SourceDate "2022.10.05"]
[SourceVersion "1"]
[SourceVersionDate "2022.10.05"]
[SourceQuality "1"]
[WhiteTeam "Norway"]
[BlackTeam "Azerbaijan"]
[WhiteTeamCountry "NOR"]
[BlackTeamCountry "AZE"]

1. d4 Nf6 2. Nf3 e6 3. c4 d5 4. Nc3 c6 5. Bg5 Be7 6. e3 Nbd7 7. Qc2 0-0 8. Rd1 h6 9. Bh4 dxc4 10. Bxc4 b5 11. Bd3 Bb7 12. 0-0 a6 13. e4 Nb6 14. a3 Nfd7 15. Bxe7 Qxe7 16. b4 a5 17. Rb1 axb4 18. axb4 Na4 19. Nd2 Ndb6 20. Ne2 Rfd8 21. f4 Ra7 22. f5 Nd7 23. e5 c5 24. bxc5 Nxe5 25. f6 Qd7 26. Bxb5 Qd5 27. Nf3 Ng4 28. fxg7 Kxg7 29. Nf4 Qe4 30. Qxe4 Bxe4 31. Ra1 Rda8 32. h3 Ne3 33. Rfe1 Nc2 34. Rxa4 Bxf3 35. Rc1 Rxa4 36. Bxa4 Nxd4 37. Rc4 Bc6 38. Rxd4 Rxa4 39. Rxa4 Bxa4 40. Kf2 Kf6 41. Ke3 Ke5 42. g4 f5 43. Nd3+ Kd5 44. Nf4+ Ke5 45. gxf5 exf5 46. Ne2 Bc6 47. Nf4 Bb5 48. h4 Be8 49. Nd3+ Kd5 50. Kf4 Bb5 51. Ne5 Kxc5 52. Nf7 h5 53. Kxf5 Kd5 54. Ng5 Kd6 55. Kf6 Be2 56. Ne4+ Kd7 57. Ng3 Bg4 58. Kf7 Kd6 59. Ne4+ Ke5 60. Nf6 Kf4 61. Kg6 Kg3 62. Kg5 Bd1 63. Nxh5+ Kh3 64. Nf6 Kg3 65. Ne4+ Kg2 66. Nc3 Bf3 67. Nb5 Kg3 68. Nd4 Bd1 69. Nf5+ Kh3 70. Nd6 Bf3 71. Nf7 Kg3 72. Nh6 Kh3 73. Nf5 Be2 74. Nd6 Bf3 75. Nc4 Be2 76. Nd2 Kg3 77. Nb3 Kh3 78. Nd4 Bd1 79. Nf5 Be2 80. Ne7 Kg3 81. Nd5 Bf3 82. Ne3 Kh3 83. Nf1 Be2 84. Nd2 Kg3 85. Nb3 Kh3 86. Na1 Bd1 87. h5 Bxh5 88. Kxh5 1/2-1/2